Figure Out The Lyrics To This Michael Jackson Song Quiz Stats

Quiz not verified by Sporcle

Challenge
Share
Tweet
Embed
Score 0/222 Timer 09:00
0 Plays Today
% Correct
the
91.4%
The
91.4%
a
91.4%
the
91.4%
a
91.4%
a
91.4%
the
91.4%
the
91.4%
The
91.4%
the
91.4%
the
91.4%
is
76.1%
is
76.1%
is
76.1%
is
76.1%
me
71.9%
me
71.9%
me
71.9%
me
71.9%
me
71.9%
me
71.9%
me
71.9%
me
71.9%
me
71.9%
an
70.4%
Is
69.7%
is
69.7%
is
69.7%
He
69.6%
He
69.6%
He
69.6%
He
69.6%
He
69.6%
He
69.6%
to
68.1%
to
68.1%
She
65.9%
She
65.9%
do
65.5%
do
65.5%
do
65.5%
do
65.5%
do
65.5%
do
65.5%
that
58.5%
that
58.5%
that
58.5%
that
58.5%
that
58.5%
that
58.5%
that
58.5%
that
58.5%
that
58.5%
that
58.5%
that
58.5%
that
58.5%
that
58.5%
If
57%
If
57%
If
57%
If
57%
If
57%
If
57%
If
57%
my
55.5%
way
55%
way
55%
way
55%
way
55%
way
55%
way
55%
way
55%
way
55%
way
55%
% Correct
way
55%
Why
53.6%
why
53.6%
Why
53.6%
why
53.6%
Why
53.6%
why
53.6%
Why
53.6%
why
53.6%
Why
53.6%
why
53.6%
Why
53.6%
why
53.6%
Why
53.6%
why
53.6%
Why
53.6%
why
53.6%
Why
53.6%
why
53.6%
Why
53.6%
why
53.6%
Why
53.6%
why
53.6%
Why
53.6%
why
53.6%
of
52.8%
this
52.6%
this
52.6%
this
52.6%
this
52.6%
I'm
51.9%
I'm
51.9%
her
51.8%
her
51.8%
they
51.1%
they
51.1%
they
51.1%
they
51.1%
they
51.1%
are
48.7%
where
48.2%
like
48.1%
like
48.1%
like
48.1%
out
47.9%
out
47.9%
em'
47.9%
em'
47.9%
out
47.9%
em'
47.9%
em'
47.9%
out
47.9%
out
47.9%
em'
47.9%
em'
47.7%
Tell
46.7%
Tell
46.7%
Tell
46.7%
Tell
46.7%
Tell
46.7%
Tell
46.7%
Does
44.9%
Does
44.9%
Does
44.9%
Does
44.9%
Does
44.9%
Does
44.9%
say
44.2%
say
44.2%
say
44.2%
say
44.2%
say
44.2%
say
44.2%
I
43.7%
% Correct
I
43.7%
I
43.7%
I
43.7%
I
43.7%
Then
43.5%
just
43%
time
42.9%
time
42.9%
girl
42.5%
night
42.2%
night
42.2%
human
40.2%
human
40.2%
human
40.2%
human
40.2%
human
40.2%
human
40.2%
nature
39.8%
nature
39.8%
nature
39.8%
nature
39.8%
nature
39.8%
nature
39.8%
See
38.3%
take
36%
Looking
35.1%
Looking
35.1%
let
34.8%
Get
34.5%
Into
34.1%
won't
34.1%
every
33.8%
knows
33.3%
Hear
32.8%
beat
32.8%
Across
32.1%
Across
32.1%
eye
31.4%
likes
30.8%
city
28.6%
city's
28.6%
hold
28.4%
loving
28.2%
Reaching
27.9%
Reaching
27.9%
apple
27.7%
bite
27.6%
window
26.9%
stare
26.7%
living
26.7%
heart
26.7%
living
26.7%
voice
26.4%
town
26.4%
tonight
25.9%
touch
25.7%
touch
25.7%
watching
25.4%
eyes
25%
sleepless
23.9%
Four
23.5%
walls
23.2%
stranger
22.7%
winks
22.4%
Electric
22%
Shake
21.7%
begins
21.2%
shoulder
21%
street
20.5%
Sweet
20.2%
dreaming
20%
seducing
19%
sighs
18%
morning
17.3%

You're not logged in!

Compare scores with friends on all Sporcle quizzes.
Sign Up with Email
OR
Log In

You Might Also Like...

Show Comments

Extras

Top Quizzes Today


Score Distribution

Your Account Isn't Verified!

In order to create a playlist on Sporcle, you need to verify the email address you used during registration. Go to your Sporcle Settings to finish the process.